| 000 | 00564nam a22002177a 4500 | ||
|---|---|---|---|
| 005 | 20180512102419.0 | ||
| 008 | 180512b xxu||||| |||| 00| 0 eng d | ||
| 020 |
_a9780253355560 _c₹ 1600.00 |
||
| 040 | _aLoreto College | ||
| 041 | _aEnglish | ||
| 082 |
_a791.4 _bNIC |
||
| 100 | _aNichols, Bill | ||
| 245 |
_aIntroduction to documentary _cBill Nichols |
||
| 250 | _a2nd ed. | ||
| 260 |
_aBloomington _bIndiana University Press _c2010 |
||
| 300 |
_a341 p. _b24 cm. |
||
| 504 | _aIncludes index | ||
| 650 | _aFilm study | ||
| 850 | _aLCLIB | ||
| 942 | _cBK | ||
| 999 |
_c41553 _d92032 |
||